| 000 | 00578nam a2200217Ia 4500 | ||
|---|---|---|---|
| 003 | IN-BaIIA | ||
| 008 | 211028s9999 xx 000 0 eng d | ||
| 020 | _a0-03-005218-1 | ||
| 040 | _cIIA Library | ||
| 080 |
_a524.83 _bPAS |
||
| 100 |
_aPasachoff, J. M _913441 |
||
| 245 | 4 |
_aThe Cosmos _bastronomy in the new millenium _cJ. M. Pasachoff |
|
| 260 |
_aForth Worth _bHarcourt _c2001 |
||
| 300 | _axxv, 395p. | ||
| 650 |
_aActive _926930 |
||
| 650 |
_aCosmic furnaces _926931 |
||
| 650 | _aCosmology | ||
| 650 |
_aSun _91200 |
||
| 700 |
_aFilippenko, A _926932 |
||
| 942 | _cBK | ||
| 999 |
_c14910 _d14910 |
||